ბათუმის შოთა რუსთაველის სახელმწიფო უნივერსიტეტის ბიბლიოთეკა

Foundations of orientation and mobility : (ბიბ.ჩანაწერი № 57870)

000 -LEADER
fixed length control field 01279cam a22002774a 4500
001 - CONTROL NUMBER
control field 16211886
005 - DATE AND TIME OF LATEST TRANSACTION
control field 20221107154143.0
008 - FIXED-LENGTH DATA ELEMENTS--GENERAL INFORMATION
fixed length control field 100430s2010 nyua b 001 0 eng
020 ## - INTERNATIONAL STANDARD BOOK NUMBER
International Standard Book Number 9780891284482 (print : alk. paper)
041 ## - LANGUAGE CODE
Language code of text/sound track or separate title eng
080 ## - UNIVERSAL DECIMAL CLASSIFICATION NUMBER
Universal Decimal Classification number 376.2 + 617.7 F-90
245 00 - TITLE STATEMENT
Title Foundations of orientation and mobility :
Statement of responsibility, etc. William R. Wiener, Richard L. Welsh, and Bruce B. Blasch, editors.
Remainder of title Volume 1. History and Theory /
250 ## - EDITION STATEMENT
Edition statement 3rd ed.
264 ## - PRODUCTION, PUBLICATION, DISTRIBUTION, MANUFACTURE, AND COPYRIGHT NOTICE
Place of production, publication, distribution, manufacture New York :
Name of producer, publisher, distributor, manufacturer AFB Press,
Date of production, publication, distribution, manufacture, or copyright notice 2010.
300 ## - PHYSICAL DESCRIPTION
Extent 699 p. :
Other physical details ill. ;
Dimensions 26 cm.
504 ## - BIBLIOGRAPHY, ETC. NOTE
Bibliography, etc. note bibliographical (p. 749-787) and index.
653 ## - INDEX TERM--UNCONTROLLED
keyword მხედველობის შეზღუდული შესაძლებლობის მქონე პირები
653 ## - INDEX TERM--UNCONTROLLED
keyword პედაგოგიკა
653 ## - INDEX TERM--UNCONTROLLED
keyword მედიცინა
700 1# - ADDED ENTRY--PERSONAL NAME
Personal name Wiener, William R.
Relator term რედაქტორი
9 (RLIN) 10636
700 1# - ADDED ENTRY--PERSONAL NAME
Personal name Welsh, Richard L.
Relator term რედაქტორი
9 (RLIN) 10637
700 1# - ADDED ENTRY--PERSONAL NAME
Personal name Blasch, Bruce B.
Relator term რედაქტორი
9 (RLIN) 10638
856 ## - ELECTRONIC LOCATION AND ACCESS
Uniform Resource Identifier https://books.google.ge/books?id=nYENqA5LZKUC&source=gbs_ViewAPI&redir_esc=y
Link text ელ.ვერსია
942 ## - ADDED ENTRY ELEMENTS (KOHA)
Source of classification or shelving scheme
Koha item type წიგნი
ეგზემპლარები
Withdrawn status Lost status Source of classification or shelving scheme Damaged status Not for loan Permanent Location Current Location Shelving location Date acquired Cost, normal purchase price Full call number Barcode Date last seen Copy number Price effective from Koha item type Public note
          ბათუმის შოთა რუსთაველის სახელმწიფო უნივერსიტეტის მთავარი ბიბლიოთეკა ბათუმის შოთა რუსთაველის სახელმწიფო უნივერსიტეტის მთავარი ბიბლიოთეკა წიგნსაცავი 2021-03-22 376.00 376.2 + 617.7 F-90 61256 2021-03-22 61256 2021-03-22 წიგნი 376 ლ.